The Meek One (Record no. 3585)

MARC details
000 -LEADER
fixed length control field 00365nam a22001457a 4500
008 - FIXED-LENGTH DATA ELEMENTS--GENERAL INFORMATION
fixed length control field 250521b |||||||| |||| 00| 0 eng d
020 ## - INTERNATIONAL STANDARD BOOK NUMBER
ISBN 9780141397481
100 ## - MAIN ENTRY--AUTHOR
Author Dostoyevsky Fyoder
245 ## - TITLE STATEMENT
Title The Meek One
260 ## - PUBLICATION, DISTRIBUTION, ETC. (IMPRINT)
Place of publication Moscow
Name of publisher Penguin Book
Date of publication 2015
300 ## - COLLATION
Pagination 56p.
Other physical details 16cm
650 ## - TRACINGS
Main Subject Russian language
Subdivision (1st) Readers
942 ## - ADDED ENTRY ELEMENTS (KOHA)
Item type Books
050 ## - LIBRARY OF CONGRESS CALL NUMBER
Classification number PG3325
Item number .D67 2011
Holdings
Source of classification or shelving scheme Not for loan Permanent location Current location Date acquired Accession No. Full call number Barcode. Koha item type
Library of Congress Classification   Samuel Ogbemudia Main Library, University of Abuja Samuel Ogbemudia Main Library, University of Abuja 05/21/2025 2024/63522 PG3325.D67 2011 2025-2058 Books